Zur gegenwärtigen Behandlung des "Lebenslänglich" beim Mord: ein Beitrag zu Verhängung und Vollstreckung der lebenslangen Freiheitsstrafe beim Mord de lege lata und de lege ferenda
| Main Author: | |
|---|---|
| Format: | Print Book |
| Language: | German |
| Published: |
Bochum
Univ.-Verl. Brockmeyer
1989
|
| In: |
Bochumer juristische Studien (79)
Year: 1989 |
| Online Access: |
Table of Contents |
| Availability in Tübingen: | Present in Tübingen. IFK: P III 71 |
| Check availability: | HBZ Gateway |
| Subito Delivery Service: | Order now. |
| Keywords: |
MARC
| LEADER | 00000cam a2200000 c 4500 | ||
|---|---|---|---|
| 001 | 027094626 | ||
| 003 | DE-627 | ||
| 005 | 20260206195752.0 | ||
| 007 | tu | ||
| 008 | 900404s1989 gw ||||| m 00| ||ger c | ||
| 015 | |a 89,N49,0227 |2 dnb | ||
| 015 | |a 89,N49,0227 |2 dnb | ||
| 016 | 7 | |a 900015276 |2 DE-101 | |
| 020 | |a 3883397709 |9 3-88339-770-9 | ||
| 035 | |a (DE-627)027094626 | ||
| 035 | |a (DE-603)002075903 | ||
| 035 | |a (DE-576)019682557 | ||
| 035 | |a (DE-599)GBV027094626 | ||
| 035 | |a (OCoLC)230998506 | ||
| 035 | |a (OCoLC)22891481 | ||
| 040 | |a DE-627 |b ger |c DE-627 |e rakwb | ||
| 041 | |a ger | ||
| 044 | |c XA-DE | ||
| 050 | 0 | |a KK8253 | |
| 082 | 0 | |a 345.43/0773 | |
| 082 | 0 | |a 344.305773 | |
| 082 | 0 | |a 345.430773 |a 344.305773 |q LoC |2 DDC20oclc | |
| 084 | |a 19 |2 sdnb | ||
| 084 | |a PH 5270 |2 rvk |0 (DE-625)rvk/136196: | ||
| 084 | |a PH 3210 |2 rvk |0 (DE-625)rvk/136041: | ||
| 084 | |a 86.42 |2 bkl | ||
| 100 | 1 | |a Meier, Joachim |0 (DE-627)1236239458 |0 (DE-576)166239453 |4 aut | |
| 109 | |a Meier, Joachim |a Meier, Joachimus |a Meier von Perleberg, Joachim |a Imperialis |a Meierus, Joachimus | ||
| 245 | 1 | 0 | |a Zur gegenwärtigen Behandlung des "Lebenslänglich" beim Mord |b ein Beitrag zu Verhängung und Vollstreckung der lebenslangen Freiheitsstrafe beim Mord de lege lata und de lege ferenda |c Joachim Meier |
| 264 | 1 | |a Bochum |b Univ.-Verl. Brockmeyer |c 1989 | |
| 300 | |a XX, 151 S. | ||
| 336 | |a Text |b txt |2 rdacontent | ||
| 337 | |a ohne Hilfsmittel zu benutzen |b n |2 rdamedia | ||
| 338 | |a Band |b nc |2 rdacarrier | ||
| 490 | 1 | |a Bochumer juristische Studien |v 79 | |
| 500 | |a Originally presented as the author's thesis (doctoral)--Ruhr-Universität Bochum, 1989 | ||
| 502 | |a Zugl.: Bochum, Univ., Diss., 1989 | ||
| 583 | 1 | |a Archivierung prüfen |c 20240324 |f DE-4165 |z 3 |2 pdager | |
| 650 | 4 | |a Freiheitsstrafe, Bundesverfassungsgericht, Verurteilung, Mord, gesetzliche Regelung, Gesetz, Strafaussetzung, Absatz, Gewalttat, Geschichte, Strafrecht, Auslegung, Behandlung | |
| 653 | 0 | |a Life imprisonment |a Germany (West) | |
| 655 | 7 | |a Hochschulschrift |0 (DE-588)4113937-9 |0 (DE-627)105825778 |0 (DE-576)209480580 |2 gnd-content | |
| 689 | 0 | 0 | |d s |0 (DE-588)4040235-6 |0 (DE-627)106224611 |0 (DE-576)209038853 |a Mord |2 gnd |
| 689 | 0 | 1 | |d s |0 (DE-588)4131723-3 |0 (DE-627)105693065 |0 (DE-576)209629614 |a Lebenslange Freiheitsstrafe |2 gnd |
| 689 | 0 | |5 DE-101 | |
| 751 | |a Bochum |0 (DE-588)4007328-2 |0 (DE-627)106374028 |0 (DE-576)208869697 |4 uvp | ||
| 830 | 0 | |a Bochumer juristische Studien |v 79 |9 79 |w (DE-627)12941526X |w (DE-576)014793636 |w (DE-600)189274-5 |7 am | |
| 856 | 4 | 2 | |u http://scans.hebis.de/HEBCGI/show.pl?00207590_toc.pdf |m V:DE-603;B:DE-17 |q application/pdf |3 Inhaltsverzeichnis |7 1 |
| 889 | |w (DE-627)27229943X | ||
| 935 | |i mdedup | ||
| 935 | |i Blocktest | ||
| 935 | |h GBV |i Tpn3090pruef | ||
| 935 | |h HEB |i 0501 | ||
| 935 | |h HEB |i 0503 | ||
| 936 | r | v | |a PH 5270 |b Vollzug der Freiheitsstrafe, Resozialisierung |k Rechtswissenschaft |k Strafrecht, Strafverfahrensrecht, Kriminologie |k Strafvollzug |k Vollzug der Freiheitsstrafe, Resozialisierung |0 (DE-627)1271677113 |0 (DE-625)rvk/136196: |0 (DE-576)201677113 |
| 936 | r | v | |a PH 3210 |b Freiheitsstrafe |k Rechtswissenschaft |k Strafrecht, Strafverfahrensrecht, Kriminologie |k Strafrecht |k Rechtsfolgen der Tat |k Strafen |k Freiheitsstrafe |0 (DE-627)1272236781 |0 (DE-625)rvk/136041: |0 (DE-576)202236781 |
| 936 | b | k | |a 86.42 |j Strafrecht: Sonstiges |0 (DE-627)10641352X |
| 936 | s | n | |a p100 |2 mzub |
| 951 | |a BO | ||
| ELC | |b 1 | ||
| LOK | |0 000 xxxxxcx a22 zn 4500 | ||
| LOK | |0 001 3333806665 | ||
| LOK | |0 003 DE-627 | ||
| LOK | |0 004 027094626 | ||
| LOK | |0 005 20140115155038 | ||
| LOK | |0 008 930607||||||||||||||||ger||||||| | ||
| LOK | |0 040 |a DE-21-110 |c DE-627 |d DE-21-110 | ||
| LOK | |0 689 |a s |a Mord | ||
| LOK | |0 689 |a s |a Lebenslange Freiheitsstrafe | ||
| LOK | |0 689 |a s |a Handhabung | ||
| LOK | |0 852 |a DE-21-110 | ||
| LOK | |0 852 1 |c P III 71 |m p |9 00 | ||
| LOK | |0 935 |a k110 | ||
| LOK | |0 936ln |a 5.6.5 | ||
| LOK | |0 938 |k p | ||
| LOK | |0 939 |a 07-06-93 |b l01 | ||
| ORI | |a SA-MARC-krimdoka001.raw | ||
| SIG | |a IFK: P III 71 | ||
